| 000 | 01056nam a2200229 i 4500 | ||
|---|---|---|---|
| 001 | 123600 | ||
| 003 | ES-MaACL | ||
| 005 | 20230906192215.0 | ||
| 007 | t| | ||
| 008 | 070214s1967 sp r ||||1| spa d | ||
| 100 | 1 |
_aQuinet, Jean. _994645 |
|
| 245 | 1 | 0 |
_aTeoría y práctica de los circuitos de electrónica y de los amplificadores / _cJ. Quinet ; prólogo de C. Gutton ; traducción de Dámaso Alvarez Rizo. |
| 260 |
_aMadrid : _bParaninfo, _c1967. |
||
| 300 |
_a3 v. : _bil. ; _c22 cm. |
||
| 505 | 8 | _aContiene: I. Teoria y aplicaciones del cálculo de complejos al estudio de los circuitos de electrónica, 377 p. II. Los amplificadores HF y BF. Los oxiladores y la modulación. Filtros y puertas de medida. 479 p. III. Propagación de la corriente de U.A.F. a lo largo de las lineas Abaco de Smith... 277 | |
| 650 | 0 | 4 |
_aCircuitos electrónicos. _911045 |
| 650 | 0 | 4 |
_aAmplificadores de audio. _99759 |
| 700 | 1 |
_aGutton, C. _961253 |
|
| 700 | 1 |
_aAlvarez Rizo, Dámaso. _9212017 |
|
| 852 |
_aES-MaACL _jC-33264-6 _bR.63617 |
||
| 999 |
_c123600 _d123600 |
||